000 00347nam a2200133Ia 4500
008 240624s9999 xx 000 0 und d
041 _aeng
082 _a658.3 RAJ
100 _aRAJU P V L
245 _aHIGH PERFORMANCE ORGANIZATIONS HR PERSPE
260 _c2005
_aHyderabad
_bICFAI press
300 _avii, : 198 : p. : cm. ; 23
365 _cRS
_b50
999 _c6537
_d6537